Papá, por favor, apanha-me a lua (Registo nº 4042)

Detalhes MARC
000 -Etiqueta do registo
Cabeçalho 00739nam a2200265 i 4500
005 - Identificador da versão
Campo de controlo 20240813122051.0
010 ## - Número internacional normalizado dos livros (ISBN)
Número (ISBN) 9728781563
021 ## - Número do Depósito Legal
Código do país PT
Número 247030/06
100 ## - Dados gerais de processamento
Dados gerais de processamento 20071227d2006 b y0pory5003 ba
102 ## - Pais de publicação ou produção
País de publicação Portugal
101 1# - Língua de publicação
Língua do texto, banda sonora, etc. Português
Língua do documento no original Inglês
215 ## - Descrição física 
Indicação específica da natureza do documento e extensão da espécie [20], 6 f. dedobr
Outras indicações físicas il.
Dimensões 29 cm
200 1# - Titulo e menção de responsabilidade
Título próprio Papá, por favor, apanha-me a lua
Primeira menção de responsabilidade Eric Carle
Outras menções de responsabilidade trad. Lisete Afonso, Isabelle Buratti
225 1# - Colecção 
Título próprio da colecção Livros para sonhar
205 ## - Menção da edição
Menção da edição 1a ed.
210 ## - Publicação, Distribuição, etc. 
Lugar da edição, distribuição, etc. Lisboa
Nome do editor, distribuidor, etc. Kalandraka
Data da publicação, distribuição, etc. 2006
675 ## - Classificação Decimal Universal (CDU)
Notação 087.5
Edição BN
Língua da edição por
702 #1 - Nome de autor-pessoa física (responsabilidade secundária)
Número de registo de entrada de autoridade 0000537
Palavra de ordem Afonso
Outra parte do nome não tomada para palavra de ordem Lisete
Código de função Tradutor
Número de registo de entrada de autoridade 0000538
Palavra de ordem Buratti
Outra parte do nome não tomada para palavra de ordem Isabelle
Código de função Tradutor
700 #1 - Nome de autor-pessoa física (responsabilidade principal)
Número de registo de entrada de autoridade 0000536
Palavra de ordem Carle
Outra parte do nome não tomada para palavra de ordem Eric
942 ## - Elementos de entrada adicionados (Koha)
Tipo de item no Koha Livro
Exemplares
Situação do levantamento Origin of item (home branch) (coded) Biblioteca de empréstimo Código de barras Cota Circulation type (not for loan) Tipo de documento Nota do exemplar Damaged status
  Biblioteca Escolar das Vendas Biblioteca Escolar das Vendas BEV1629 8EST CAR   Livro Sem mensagem